Bánh răng khởi nghiệp: đường đến thành công : Gear up: test your business model potential and plan your path to success

Nội dung sách giúp các bạn vượt lên trên các đối thủ cũng như đem lại hiểu biết về thị trường các thức thâu tóm khách hàng.

Gardado en:
Detalles Bibliográficos
Autor Principal: Ramfelt, Lena
Formato: Libro
Idioma:Undetermined
Publicado: Thành phố Hồ Chí Minh Tổng hợp Thành phố Hồ Chí Minh 2016
Những chủ đề:
Các nhãn: Engadir etiqueta
Sen Etiquetas, Sexa o primeiro en etiquetar este rexistro!
Thư viện lưu trữ: Trung tâm Học liệu Trường Đại học Cần Thơ
LEADER 00908nam a2200205Ia 4500
001 CTU_232751
008 210402s9999 xx 000 0 und d
082 |a 658.11 
082 |b R172 
100 |a Ramfelt, Lena 
245 0 |a Bánh răng khởi nghiệp: đường đến thành công : 
245 0 |b Gear up: test your business model potential and plan your path to success 
245 0 |c Lena Ramfelt,Jonas Kjellberg, Tom Kosnik 
260 |a Thành phố Hồ Chí Minh 
260 |b Tổng hợp Thành phố Hồ Chí Minh 
260 |c 2016 
520 |a Nội dung sách giúp các bạn vượt lên trên các đối thủ cũng như đem lại hiểu biết về thị trường các thức thâu tóm khách hàng. 
650 |a Business,Kinh doanh 
910 |a Tuyến 
980 |a Trung tâm Học liệu Trường Đại học Cần Thơ